| 000 | 00896nam a2200253Ia 4500 | ||
|---|---|---|---|
| 003 | OSt | ||
| 005 | 20220923211457.0 | ||
| 006 | a|||||r|||| 00| 0 | ||
| 007 | ta | ||
| 008 | 220922b |||||||| |||| 00| 0 pan d | ||
| 020 |
_a9789351122524 (hbk) _c250 |
||
| 024 | _a335,823 | ||
| 037 |
_bSP/5380, 17/03/2018, Star Publications (Pvt.) Ltd. _cTextual |
||
| 040 |
_aARTS _cARTS _bpan |
||
| 041 |
_2pan _apan |
||
| 082 | _aU8, 153Q7 | ||
| 100 |
_aਖੁFਵਿੰਦਰ ਕੁਮਾਰ, ਂਚ. _9160582 |
||
| 245 | 0 | _aਨਾਲ ਮੇਰੇ ਕੋਣੀ ਚੱਲੇ | |
| 260 |
_aਲੁਧਿਆਨਾ _b ਚੇਤਨਾ ਪ੍ਰਕਾFਨ _c2017 |
||
| 300 |
_a126ਪ0 _ccm. |
||
| 650 | _aਸਖ਼ਰਨਾਮਾ | ||
| 942 |
_hU8, 153Q7 _cTEXL _2CC |
||
| 999 |
_c299930 _d299930 |
||